000 00550nam a22001817a 4500
005 20170214101735.0
008 170214b1986 mx ||||| |||| 001 0 spa d
020 _a9684323018
050 0 4 _aKGF2579
_bB43 1986
100 1 _aBecerra Bautista, José,
_eautor
245 1 3 _aEl proceso civil en México /
_cJosé Becerra Bautista.
250 _aDuodécima edición
260 _aMéxico :
_bPorrúa,
_cc1986
300 _alxi, 809 páginas ;
_c23 cm.
504 _aIncluye índice
651 7 _2lemb
_aMéxico
_xProcedimiento civil
942 _2lcc
_cLIB
999 _c127664
_d127664